000 01595cam a2200373 ia4500
001 1687426
003 EG-ScBUE
005 20250622090739.0
008 990203s2010 enkaf f b 001 0 eng d
020 _a1108014038 (volume 1)
020 _a9781108014038 (volume 1)
020 _a1108014046 (volume 2)
020 _a9781108014045 (volume 2)
040 _aEG-ScBUE
_beng
_erda
_cEG-ScBUE
_dEG-ScBUE
082 0 4 _a537
_222
_bMAX
100 1 _aMaxwell, James Clerk,
_d1831-1879,
_929599
_eauthor.
245 1 2 _aA treatise on electricity and magnetism /
_cby James Clerk Maxwell, M.A., LLD. EDIN., F.R.SS. London & Edinburgh, Honorary Fellow of Trinity College, and professor of experimental physics in the University of Cambridge.
264 1 _aCambridge :
_bCambridge University Press,
_c2010.
300 _a2 volumes :
_billustrations, plates ;
_c24 cm.
336 _2rdacontent
_atext
_btxt
337 _aunmediated
_2rdamedia
_bn
338 _avolume
_bnc
_2rdacarrier
490 0 _aCambridge library collection
500 _aOriginally published:Oxford : Clarendon Press, 1873, in series: Clarendon Press series.
504 _aIncludes bibliographical references and index.
650 7 _aElectricity.
_929600
_2BUEsh
650 7 _aMagnetism.
_929601
_2BUEsh
653 _cApril2012
655 _vReading book
856 4 2 _3Publisher description
_uhttp://www.loc.gov/catdir/enhancements/fy0606/99169144-d.html
856 4 1 _3Table of contents only
_uhttp://www.loc.gov/catdir/enhancements/fy0606/99169144-t.html
942 _2ddc
_cBB
999 _c16636
_d16636